00648nam a2200217Ia 4500003000900000008004100009040001300050040001300063041000800076100001400084245004800098250001000146260000900156260000900165300001100174300001200185490000600197942000700203999001700210952020300227IT-RoPAU120407s9999 xx 000 0 und d aIT-RoPAU cIT-RoPAU aita aOdo Casel aLe mystère du culte dans le christianisme aParis aCerf c1946 a189 p. c20,3 cm v1 cBK c27827d27827 00102ddc406264_800000000000000_1671aPAULUSbPAULUSd2012-04-11l0o264.8.16r2012-04-11 00:00:00w2012-04-11yBKzInserito da: LuigiG In data: 27 ottobre 2011 fondo: Via A.Severo 56 Progr:23479